Capitales mondiales les plus proches de Buenos Aires - Statistiques

Statistiques générales
  • Ce quiz a été pris 69 fois
  • Le résultat moyen est 13 sur 20
Statistiques - réponses
km capitale % Correct
2343 Brasilia
98%
1140 Santiago
98%
206 Montevideo
97%
5099 Caracas
94%
3141 Lima
94%
4366 Quito
94%
1862 Sucre / La Paz
94%
4674 Bogotá
91%
1043 Asunción
89%
5339 Panama
86%
4517 Paramaribo
75%
4608 Georgetown
64%
5325 Kingstown
47%
5048 Port-d'Espagne
47%
5207 Saint George's
34%
5419 Castries
33%
5566 Roseau
33%
5311 Bridgetown
30%
5387 O{ranjestad}
11%
5318 W{illemstad}
8%
Aucun quiz correspondant
Distribution des résultats
% des personnes avec chaque résultat
Percentile par nombre de réponses
Votre historique - résultats
Vous n’avez pas pris ce quiz